<?xml version="1.0" encoding="UTF-8"?>
<record
    xmlns:xsi="http://www.w3.org/2001/XMLSchema-instance"
    xsi:schemaLocation="http://www.loc.gov/MARC21/slim http://www.loc.gov/standards/marcxml/schema/MARC21slim.xsd"
    xmlns="http://www.loc.gov/MARC21/slim">

  <leader>01374    a2200241   4500</leader>
  <controlfield tag="003">UA-OsUOA</controlfield>
  <controlfield tag="005">20260624104343.0</controlfield>
  <controlfield tag="008">260624b        un ||||| |||| 00| 0 ukr d</controlfield>
  <datafield tag="020" ind1=" " ind2=" ">
    <subfield code="a">9660225539</subfield>
  </datafield>
  <datafield tag="040" ind1=" " ind2=" ">
    <subfield code="b">ukr</subfield>
    <subfield code="c">UA-OsUOA</subfield>
  </datafield>
  <datafield tag="041" ind1=" " ind2=" ">
    <subfield code="a">ukr</subfield>
  </datafield>
  <datafield tag="080" ind1=" " ind2=" ">
    <subfield code="a">930.2</subfield>
  </datafield>
  <datafield tag="090" ind1=" " ind2=" ">
    <subfield code="a">930.2</subfield>
    <subfield code="b">&#x421;41</subfield>
  </datafield>
  <datafield tag="110" ind1=" " ind2=" ">
    <subfield code="a">&#x41D;&#x430;&#x446;&#x456;&#x43E;&#x43D;&#x430;&#x43B;&#x44C;&#x43D;&#x430; &#x430;&#x43A;&#x430;&#x434;&#x435;&#x43C;&#x456;&#x44F; &#x43D;&#x430;&#x443;&#x43A; &#x423;&#x43A;&#x440;&#x430;&#x457;&#x43D;&#x438;</subfield>
    <subfield code="b">&#x406;&#x43D;&#x441;&#x442;&#x438;&#x442;&#x443;&#x442; &#x456;&#x441;&#x442;&#x43E;&#x440;&#x456;&#x457; &#x423;&#x43A;&#x440;&#x430;&#x457;&#x43D;&#x438;</subfield>
    <subfield code="b">&#x412;&#x456;&#x434;&#x434;&#x456;&#x43B; &#x441;&#x43F;&#x435;&#x446;&#x456;&#x430;&#x43B;&#x44C;&#x43D;&#x438;&#x445; &#x456;&#x441;&#x442;&#x43E;&#x440;&#x438;&#x447;&#x43D;&#x438;&#x445; &#x434;&#x438;&#x441;&#x446;&#x438;&#x43F;&#x43B;&#x456;&#x43D;</subfield>
    <subfield code="9">25666</subfield>
  </datafield>
  <datafield tag="245" ind1=" " ind2=" ">
    <subfield code="a">&#x421;&#x43F;&#x435;&#x446;&#x456;&#x430;&#x43B;&#x44C;&#x43D;&#x456; &#x456;&#x441;&#x442;&#x43E;&#x440;&#x438;&#x447;&#x43D;&#x456; &#x434;&#x438;&#x441;&#x446;&#x438;&#x43F;&#x43B;&#x456;&#x43D;&#x438;: &#x43F;&#x438;&#x442;&#x430;&#x43D;&#x43D;&#x44F; &#x442;&#x435;&#x43E;&#x440;&#x456;&#x457; &#x442;&#x430; &#x43C;&#x435;&#x442;&#x43E;&#x434;&#x438;&#x43A;&#x438;</subfield>
    <subfield code="b">&#x443; &#x434;&#x432;&#x43E;&#x445; &#x447;&#x430;&#x441;&#x442;&#x438;&#x43D;&#x430;&#x445; : &#x437;&#x431;&#x456;&#x440;&#x43A;&#x430; &#x43D;&#x430;&#x443;&#x43A;&#x43E;&#x432;&#x438;&#x445; &#x43F;&#x440;&#x430;&#x446;&#x44C;</subfield>
    <subfield code="c">&#x432;&#x456;&#x434;&#x43F;. &#x440;&#x435;&#x434;. &#x41C;. &#x424;. &#x414;&#x43C;&#x438;&#x442;&#x440;&#x456;&#x454;&#x43D;&#x43A;&#x43E;</subfield>
    <subfield code="n">&#x427;. 1</subfield>
    <subfield code="n">&#x427;&#x438;&#x441;&#x43B;&#x43E; 8&#x2013;9</subfield>
  </datafield>
  <datafield tag="260" ind1=" " ind2=" ">
    <subfield code="a">&#x41A;.</subfield>
    <subfield code="b">&#x406;&#x406;&#x423;&#x41D;&#x410;&#x41D;&#x423;</subfield>
    <subfield code="c">2002</subfield>
  </datafield>
  <datafield tag="300" ind1=" " ind2=" ">
    <subfield code="a">434 &#x441;.</subfield>
  </datafield>
  <datafield tag="650" ind1=" " ind2=" ">
    <subfield code="a">930.2 &#x41C;&#x435;&#x442;&#x43E;&#x434;&#x43E;&#x43B;&#x43E;&#x433;&#x456;&#x44F; &#x456;&#x441;&#x442;&#x43E;&#x440;&#x456;&#x457;. &#x414;&#x43E;&#x43F;&#x43E;&#x43C;&#x456;&#x436;&#x43D;&#x456; &#x456;&#x441;&#x442;&#x43E;&#x440;&#x438;&#x447;&#x43D;&#x456; &#x434;&#x438;&#x441;&#x446;&#x438;&#x43F;&#x43B;&#x456;&#x43D;&#x438; &#x412; &#x442;&#x43E;&#x43C;&#x443; &#x447;&#x438;&#x441;&#x43B;&#x456;: &#x414;&#x43E;&#x441;&#x43B;&#x456;&#x434;&#x436;&#x435;&#x43D;&#x43D;&#x44F;, &#x449;&#x43E; &#x431;&#x430;&#x437;&#x443;&#x44E;&#x442;&#x44C;&#x441;&#x44F; &#x43D;&#x430; &#x43F;&#x438;&#x441;&#x44C;&#x43C;&#x43E;&#x432;&#x438;&#x445; &#x434;&#x436;&#x435;&#x440;&#x435;&#x43B;&#x430;&#x445;, &#x437;&#x430;&#x43F;&#x438;&#x441;&#x430;&#x445;, &#x43D;&#x430;&#x43F;&#x438;&#x441;&#x430;&#x445;. &#x410;&#x440;&#x445;&#x435;&#x43E;&#x433;&#x440;&#x430;&#x444;&#x456;&#x44F;</subfield>
    <subfield code="9">2259</subfield>
  </datafield>
  <datafield tag="700" ind1="1" ind2=" ">
    <subfield code="a">&#x414;&#x43C;&#x438;&#x442;&#x440;&#x456;&#x454;&#x43D;&#x43A;&#x43E; &#x41C;. &#x424;.</subfield>
    <subfield code="e">&#x440;&#x435;&#x434;.</subfield>
    <subfield code="9">25615</subfield>
  </datafield>
  <datafield tag="942" ind1=" " ind2=" ">
    <subfield code="c">BK</subfield>
    <subfield code="2">udc</subfield>
  </datafield>
  <datafield tag="955" ind1=" " ind2=" ">
    <subfield code="a">1</subfield>
  </datafield>
  <datafield tag="999" ind1=" " ind2=" ">
    <subfield code="c">580939</subfield>
    <subfield code="d">580939</subfield>
  </datafield>
  <datafield tag="952" ind1=" " ind2=" ">
    <subfield code="0">0</subfield>
    <subfield code="1">0</subfield>
    <subfield code="2">udc</subfield>
    <subfield code="4">0</subfield>
    <subfield code="7">0</subfield>
    <subfield code="8">C_Shevchuk_V.</subfield>
    <subfield code="a">101</subfield>
    <subfield code="b">101</subfield>
    <subfield code="d">2026-06-24</subfield>
    <subfield code="e">&#x2116;32/18.06.2026</subfield>
    <subfield code="g">25.00</subfield>
    <subfield code="l">0</subfield>
    <subfield code="o">930.2 &#x421;41</subfield>
    <subfield code="p">170155</subfield>
    <subfield code="r">2026-06-24 10:40:46</subfield>
    <subfield code="v">25.00</subfield>
    <subfield code="w">2026-06-24</subfield>
    <subfield code="y">BK</subfield>
  </datafield>
</record>
